Drogredenen Nederlands - Statistieken

Algemene statistieken
  • Deze quiz is 63 keer genomen
  • De gemiddelde score is 5 van 12
Antwoordstatistieken
Antwoord % Correct
Cirkelredenering
73%
Onjuist beroep op autoriteit
64%
Overhaaste generalisatie
64%
Persoonlijke aanval
64%
Vals dilemma
45%
Bespelen van het publiek
36%
Overdrijven van voor- of nadelen
36%
Onjuist beroep op een kenmerk- of eigenschapsschema
27%
Onjuist beroep op een oorzaak-gevolgschema
27%
Ontduiken van bewijslast
27%
Verkeerde vergelijking
27%
Vertekenen van een standpunt
18%
Geen overeenkomende quizzen gevonden
Scoreverdeling
Procent van Mensen met Elke Score
Percentiel versus Aantal Correcte Antwoorden
Uw Scoregeschiedenis
U heeft deze quiz nog niet genomen